01079nam a2200361Ic 450000100060000000300100000600500170001600700030003300800410003602000150007704000350009204100080012708400060013510000230014124500610016425000210022526400390024630000350028533600270032033700330034733800280038049000270040865000520043565000370048765000290052465000390055365000390059265500180063165500180064965500180066794200150068599900170070058466CO-BoRNBP20250822211153.0ta190708s2005 sp a g 000 0 spa  a8424178696 aCO-BoRNBPbspaerdacCO-BoRNBP aspa aN aDefoe, Danieleaut10aRobinson Crusoe /cDaniel Defoe ; traducción Tradutex. aQuinta edición 1aLeón, España :bEverest,c2005 a186 páginas :bilustraciones 2rdacontentatextobtxt 2rdamediaasin mediaciónbn 2rdacarrieravolumenbnc0 aClásicos de bolsillo07aAventuras en la literaturavNovela2LEMB96327904aLiteratura juvenil inglesa2LEMB07aNaufragiosvNovela2LEMB04aNovela juvenil inglesa2LEMB9187307aSupervivenciavNovela2lemb963280 aNovela963194 aNovela963194 aNovela963194 2loccBKLIT c58466d58466